000 00286nam a2200097Ia 4500
005 20250424112908.0
008 250424s9999 xx 000 0 und d
300 _aii, 132 p. :ill. ; 28 cm.
650 _aMedicine--Nigeria--Periodicals. Medicine. Medicine. Nigeria. Nigeria.
942 _cSR
999 _c37750
_d37750